Fundamentos y técnicas de contabilidad de costos
Uloženo v:
| Hlavní autoři: | , |
|---|---|
| Médium: | Kniha |
| Jazyk: | španělština |
| Vydáno: |
Bogotá
McGraw-Hill
1982
|
| Témata: | |
| Tagy: |
Přidat tag
Žádné tagy, Buďte první, kdo vytvoří štítek k tomuto záznamu!
|
MARC
| LEADER | 00000nam a2200000 a 4500 | ||
|---|---|---|---|
| 001 | UCQ0205 | ||
| 003 | CL-VaPUC | ||
| 008 | 980627e19820000CK |||||||||||||||||spa|d | ||
| 082 | 0 | 4 | |a 657.42 |b CAS |2 21 |
| 100 | 0 | |a Cashin, James A |e author |9 413274 | |
| 700 | 0 | |a Polimeini, Ralph S |e author |9 413275 | |
| 245 | 1 | 0 | |a Fundamentos y técnicas de contabilidad de costos |
| 300 | |a 894 p | ||
| 942 | |c BK | ||
| 945 | |d 19980627 00:00:00 |a cmena | ||
| 260 | |a Bogotá |b McGraw-Hill |c 1982 | ||
| 650 | 0 | |a Contabilidad de costos |9 260564 | |
| 650 | 0 | |a Costos |9 261063 | |
| 650 | 0 | |a Administración financiera |9 261146 | |
| 650 | 0 | |a Estados de cuentas |9 352305 | |
| 650 | 0 | |a Recursos humanos |9 228420 | |
| 650 | 7 | |a PRESUPUESTO |2 CL-VaPUC |9 306206 | |
| 650 | 0 | |a Operaciones administrativas |9 335045 | |
| 650 | 0 | |a Toma de decisiones |9 257530 | |
| 650 | 0 | |a Teoría de la decisión |9 357122 | |
| 583 | |a last modification |c 19980627 00:00:00 |k Rodrigo Vera | ||
| 999 | |c 271344 |d 271342 | ||
| 952 | |0 0 |1 0 |4 0 |6 657_420000000000000_CAS_1982 |7 0 |8 P |9 305980 |a BIBGIM |b BIBGIM |d 2019-11-20 |i 1426052 |o 657.42 CAS 1982 |p 1426052 |r 2025-01-15 |w 2019-11-20 |y BK |k COM | ||
| 952 | |0 0 |1 0 |4 0 |6 657_420000000000000_CAS_1982 |7 0 |8 A |9 305981 |a BIBEDU |b BIBEDU |d 2019-11-20 |i 1436082 |o 657.42 CAS 1982 |p 1436082 |r 2019-11-20 |w 2019-11-20 |y BK |k LIT | ||